Hodnotenie webových stránok firiem z oblasti cestovného ruchu diplomová práca

Saved in:
Bibliographic Details
Main Author: Horák, Branislav
Corporate Author: Obchodná fakulta EU. Katedra informatiky obchodných firiem
Other Authors: Pólya, Attila
Format: Book
Language:Slovak
Published: Bratislava 2009
Tags: Add Tag
No Tags, Be the first to tag this record!

MARC

LEADER 00000nam$a2200000$$$4500
001 0097242
005 20240320075001.5
041 0 |a slo 
044 |a SK 
245 1 0 |a Hodnotenie webových stránok firiem z oblasti cestovného ruchu  |b diplomová práca  |c Branislav Horák ; škol. Attila Pólya 
264 1 |a Bratislava  |c 2009 
300 |a 74 s. 
100 1 |a Horák, Branislav 
700 1 |a Pólya, Attila 
710 2 |a Obchodná fakulta EU. Katedra informatiky obchodných firiem